Bosnia and Herzegovina Country Quiz - Statistics

General Stats
  • This quiz has been taken 1,262 times
    605 since last reset
  • The average score is 16 of 20
Answer Stats
Hint Answer % Correct
Capital city Sarajevo
98%
Bordering countries Croatia
96%
Serbia
95%
Montenegro
93%
Former country to which Bosnia and Herzegovina belonged Yugoslavia
89%
Peninsula on which country lies Balkans
87%
Main religions Islam
87%
Empires that occupied Bosnia and Herzegovina Ottoman
87%
Sea which country borders Adriatic
80%
Orthodox Christianity
80%
Archduke that was assassinated in the capital Franz Ferdinand
74%
Austria-Hungary
73%
Currency Convertible Mark
73%
Conflict which was triggered by this event World War One
72%
City famous for its old bridge Mostar
70%
Sporting event held in 1984 Winter Olympics
70%
Roman Catholicism
69%
Second biggest city Banja Luka
64%
Ethnolinguistic group which people in Bosnia and Herzegovina belong Slavs
56%
Longest river Sava
55%
No matching quizzes found
Score Distribution
Percent of People with Each Score
Percentile by Number Answered
Your Score History
You have not taken this quiz since the last reset